ARRUPE JESUIT UNIVERSITY

CORONAVIRUS -STOP THE SPREAD - CLEAN,DISINFECT,COVER

Applying Ethics (Record no. 23744)

MARC details
000 -LEADER
fixed length control field 00465nam a2200181Ia 4500
003 - CONTROL NUMBER IDENTIFIER
control field 0100
005 - DATE AND TIME OF LATEST TRANSACTION
control field 20190725092012.0
008 - FIXED-LENGTH DATA ELEMENTS--GENERAL INFORMATION
fixed length control field 130303s9999 xx 000 0 und d
040 ## - CATALOGING SOURCE
Transcribing agency ARRUPELIB
050 ## - LIBRARY OF CONGRESS CALL NUMBER
Classification number HM216.B181984
100 ## - MAIN ENTRY--PERSONAL NAME
Personal name Barry, Vincent
9 (RLIN) 47576
245 ## - TITLE STATEMENT
Title Applying Ethics
245 ## - TITLE STATEMENT
Remainder of title A Text with Readings
260 ## - PUBLICATION, DISTRIBUTION, ETC. (IMPRINT)
Place of publication, distribution, etc Belmont, California
Name of publisher, distributor, etc Wadsworth Publishing Company, INC
Date of publication, distribution, etc 1984
300 ## - PHYSICAL DESCRIPTION
Extent 421p
650 ## - SUBJECT ADDED ENTRY--TOPICAL TERM
Topical term following geographic name as entry element Philosophy-Addresses, essays, lectures
9 (RLIN) 47577
942 ## - ADDED ENTRY ELEMENTS (KOHA)
Source of classification or shelving scheme Library of Congress Classification
Koha item type Monograph ( Printed materials)
Holdings
Withdrawn status Lost status Source of classification or shelving scheme Damaged status Not for loan Collection code Home library Current library Shelving location Date acquired Total Checkouts Full call number Barcode Date last seen Date checked out Copy number Price effective from Koha item type
    Library of Congress Classification     Main Collection ARRUPE LIBRARY ARRUPE LIBRARY   04/03/2013 8 HM216.B181984 46003045814 22/09/2023 22/09/2023 1 04/03/2013 Monograph ( Printed materials)

 

Arrupe Library. PO Box MP320 Mt Pleasant, Harare, Zimbabwe
263 242 745411|librarian@aju.ac.zw